Normal view MARC view

Entry Topical Term

Number of records used in: 29

001 - CONTROL NUMBER

  • control field: 47008

003 - CONTROL NUMBER IDENTIFIER

  • control field: dpl

005 - DATE AND TIME OF LATEST TRANSACTION

  • control field: 20120512164844.0

008 - FIXED-LENGTH DATA ELEMENTS

  • fixed length control field: 120512|||a|||||| | ||| d

040 ## - CATALOGING SOURCE

  • Original cataloging agency: dpl
  • Transcribing agency: dpl

150 ## - HEADING--TOPICAL TERM

  • Topical term or geographic name as entry element: हिन्दी भाषा
  • General subdivision: व्याकरण

670 ## - SOURCE DATA FOUND

  • Source citation: Work cat.: (dpl): रत्तू, कृष्ण कुमार 47007, व्यावहारिक हिन्दी नई भाषा संरचना /, 2000

670 ## - SOURCE DATA FOUND

  • Source citation: Work cat.: (dpl): रत्तू, कृष्ण कुमार 47007, व्यावहारिक हिन्दी नई भाषा संरचना /, 2000

© Delhi Public Library
Hit Counter
free hit counter